Odsúhlasenie použitia metódy transferového oceňovania správcom dane
Možnosť požiadať správcu dane o odsúhlasenie použitia metódy transferového oceňovania. Poplatok za vydanie rozhodnutia o odsúhlasení použitia metódy transferového oceňovania. Vydanie rozhodnutia o odsúhlasení použitia metódy transferového oceňovania. Zrušenie rozhodnutia o odsúhlasení použitia metód...
Gespeichert in:
| 1. Verfasser: | |
|---|---|
| Format: | Buchkapitel |
| Sprache: | Slowakisch |
| Schlagworte: | |
| Tags: |
Keine Tags, Fügen Sie das erste Tag hinzu!
|
MARC
| LEADER | 00000nla a2200000 4500 | ||
|---|---|---|---|
| 001 | 0207390 | ||
| 005 | 20240502073440.3 | ||
| 041 | 0 | |a slo | |
| 044 | |a SK | ||
| 245 | 1 | 0 | |a Odsúhlasenie použitia metódy transferového oceňovania správcom dane |c Norbert Seneši |
| 520 | |a Možnosť požiadať správcu dane o odsúhlasenie použitia metódy transferového oceňovania. Poplatok za vydanie rozhodnutia o odsúhlasení použitia metódy transferového oceňovania. Vydanie rozhodnutia o odsúhlasení použitia metódy transferového oceňovania. Zrušenie rozhodnutia o odsúhlasení použitia metódy transferového oceňovania. | ||
| 610 | 2 | 0 | |a oceňovanie transferové |
| 610 | 2 | 0 | |a správa daňová |
| 610 | 2 | 0 | |a legislatíva |
| 100 | 1 | |a Seneši, Norbert | |